00480 2200181 4500001002100000005001500021008004100036020002200077035001900099041000700118082001000125090001400135100002600149245004200175260002800217300002100245650003200266INLIS00000000001649120241224115132241224||||||||| | ||| |||| || |  a978-979-26-7192-6 0010-1224016491 aid0 a571.3 a571.3 TUB0 aTim Abaksaleh Pratama00aAku Bertanya, Sains Menjawab: Tubuhku bAnaksaleh Pratamac2008 avi+54hlm;21x29cm 0aIlmu ilmu tentang kehidupan